[Event "Dziedzica Memrial 11th"]
[Site "Trzcianka"]
[Date "2021.10.24"]
[Round "5"]
[White "Paprocki, Antoni"]
[Black "Stempin, Pawel"]
[Result "1/2-1/2"]
[WhiteElo "1889"]
[BlackElo "2333"]
[PlyCount "71"]
[EventDate "2021.10.24"]
[EventType "swiss (rapid)"]
[EventRounds "9"]
[EventCountry "POL"]
[SourceTitle "CBM 204 Extra"]
[Source "ChessBase"]
[SourceDate "2021.11.30"]
[SourceVersion "1"]
[SourceVersionDate "2021.11.30"]
[SourceQuality "1"]

1. d4 d5 2. c4 c6 3. Nf3 Nf6 4. Nbd2 e6 5. Qc2 Nbd7 6. g3 Be7 7. Bg2 b6 8. 0-0 Ba6 9. b3 0-0 10. Bb2 b5 11. Rfd1 bxc4 12. bxc4 Rb8 13. Rab1 Qc8 14. Rdc1 Nb6 15. Ne5 Nfd7 16. Nxd7 Qxd7 17. c5 Nc4 18. Nxc4 Bxc4 19. Bc3 Rb7 20. Bf3 Rfb8 21. Bd2 Bf6 22. Bf4 Rxb1 23. Rxb1 Rxb1+ 24. Qxb1 Qc8 25. e3 h6 26. Bd1 Bd8 27. Ba4 a6 28. Qb2 Ba5 29. Be5 f6 30. Bd6 Bd8 31. Qb1 f5 32. Be5 Bb5 33. Qb4 Bxa4 34. Qxa4 Qb7 35. Kg2 Kf7 36. h4 1/2-1/2

[Event "Dziedzica Memrial 11th"]
[Site "Trzcianka"]
[Date "2021.10.24"]
[Round "2"]
[White "Stempin, Pawel"]
[Black "Czyz, Andrzej"]
[Result "1-0"]
[WhiteElo "2333"]
[BlackElo "1922"]
[PlyCount "107"]
[EventDate "2021.10.24"]
[EventType "swiss (rapid)"]
[EventRounds "9"]
[EventCountry "POL"]
[SourceTitle "CBM 204 Extra"]
[Source "ChessBase"]
[SourceDate "2021.11.30"]
[SourceVersion "1"]
[SourceVersionDate "2021.11.30"]
[SourceQuality "1"]

1. d4 Nf6 2. Nf3 d5 3. c4 c6 4. Nc3 e6 5. e3 Nbd7 6. Qc2 Bd6 7. Bd3 0-0 8. 0-0 h6 9. e4 dxc4 10. Bxc4 e5 11. Rd1 exd4 12. Nxd4 Ne5 13. Be2 Qc7 14. g3 Ng6 15. a3 Re8 16. Bf3 Bg4 17. Bxg4 Nxg4 18. Qe2 Nf6 19. Ndb5 cxb5 20. Nxb5 Qe7 21. Nxd6 Red8 22. e5 Qxe5 23. Qxe5 Nxe5 24. Bf4 Ng6 25. Be3 b6 26. Nb5 Nd5 27. Bd4 a6 28. Nc3 b5 29. Bxg7 Nxc3 30. Bxc3 Nf8 31. Kg2 Ne6 32. h4 Kh7 33. Kf3 Kg6 34. Ke2 h5 35. Rxd8 Rxd8 36. Rd1 Rxd1 37. Kxd1 Kf5 38. f3 Nc7 39. Ke2 Ne6 40. Ke3 f6 41. Kd3 Ng7 42. Kd4 Ke6 43. Ke4 Nf5 44. Kf4 Ne7 45. g4 hxg4 46. fxg4 Nd5+ 47. Ke4 Ne7 48. h5 f5+ 49. Kf3 Ng8 50. g5 Ne7 51. h6 Ng6 52. h7 Nh4+ 53. Kg3 Ng6 54. h8Q 1-0

[Event "Poznan op 28th"]
[Site "Poznan"]
[Date "2021.08.21"]
[Round "8"]
[White "Michalski, Karol"]
[Black "Stempin, Pawel"]
[Result "1-0"]
[WhiteElo "2010"]
[BlackElo "2356"]
[PlyCount "51"]
[EventDate "2021.08.15"]
[EventType "swiss"]
[EventRounds "9"]
[EventCountry "POL"]
[SourceTitle "CBM 203 Extra"]
[Source "ChessBase"]
[SourceDate "2021.09.30"]
[SourceVersion "1"]
[SourceVersionDate "2021.09.30"]
[SourceQuality "1"]

1. d4 Nf6 2. c4 c6 3. Nc3 d5 4. Nf3 dxc4 5. e3 b5 6. a4 b4 7. Na2 a5 8. Ne5 e6 9. g4 Nfd7 10. Nxc4 Be7 11. h4 Bb7 12. Bg2 0-0 13. g5 Ra7 14. g6 hxg6 15. h5 g5 16. b3 Nf6 17. Bb2 Nbd7 18. Nc1 Nd5 19. Nd3 f6 20. Qc2 N7b6 21. h6 Qe8 22. hxg7 Kxg7 23. Nf4 Rh8 24. Nxe6+ Kf7 25. Rh7+ Kxe6 26. Bh3+ 1-0

[Event "Poznan op 28th"]
[Site "Poznan"]
[Date "2021.08.17"]
[Round "4"]
[White "Kaczmarek, Jan"]
[Black "Stempin, Pawel"]
[Result "1/2-1/2"]
[WhiteElo "1337"]
[BlackElo "2356"]
[PlyCount "58"]
[EventDate "2021.08.15"]
[EventType "swiss"]
[EventRounds "9"]
[EventCountry "POL"]
[SourceTitle "CBM 203 Extra"]
[Source "ChessBase"]
[SourceDate "2021.09.30"]
[SourceVersion "1"]
[SourceVersionDate "2021.09.30"]
[SourceQuality "1"]

1. e4 e6 2. d4 d5 3. Nd2 Nf6 4. e5 Nfd7 5. Bd3 c5 6. c3 Nc6 7. Ndf3 cxd4 8. cxd4 Bb4+ 9. Bd2 Qb6 10. Ne2 f6 11. exf6 Nxf6 12. 0-0 Bxd2 13. Qxd2 0-0 14. Rae1 Bd7 15. Nf4 Rae8 16. Re2 Re7 17. Rfe1 Nb4 18. Bf5 Nxa2 19. Bxe6+ Bxe6 20. Rxe6 Rxe6 21. Rxe6 Qb5 22. Qe2 Qxe2 23. Rxe2 Nb4 24. Re7 Rf7 25. Rxf7 Kxf7 26. Kf1 Ke7 27. Ke2 Kd6 28. Ne5 b6 29. f3 Nc6 1/2-1/2

[Event "Pardubice op-A"]
[Site "Pardubice"]
[Date "2006.07.23"]
[Round "3"]
[White "Musakaev, Emil"]
[Black "Stempin, Pawel"]
[Result "1/2-1/2"]
[WhiteElo "2248"]
[BlackElo "2370"]
[PlyCount "91"]
[EventDate "2006.07.21"]
[EventType "swiss"]
[EventRounds "9"]
[EventCountry "CZE"]
[SourceTitle "CBM 113 Extra"]
[Source "ChessBase"]
[SourceDate "2006.09.14"]
[SourceVersion "1"]
[SourceVersionDate "2006.09.14"]
[SourceQuality "1"]

1. e4 e5 2. Nf3 Nc6 3. Bb5 a6 4. Ba4 Nf6 5. 0-0 Be7 6. Re1 b5 7. Bb3 d6 8. c3 0-0 9. h3 Na5 10. Bc2 c5 11. d4 Qc7 12. Nbd2 Rd8 13. b3 Nh5 14. Nf1 cxd4 15. cxd4 Nc6 16. Bb2 exd4 17. Nxd4 Nxd4 18. Bxd4 Bf6 19. Rc1 Bxd4 20. Qxd4 Nf6 21. b4 Be6 22. Bb3 Qe7 23. Bd5 Rac8 24. Ne3 h6 25. Red1 Rxc1 26. Rxc1 Rc8 27. Rxc8+ Bxc8 28. Qc3 Qd8 29. Qc6 Nxd5 30. Nxd5 Kh7 31. Qc7 Qxc7 32. Nxc7 Bb7 33. f3 Kg6 34. Ne8 d5 35. Nd6 Ba8 36. e5 d4 37. Kf2 Bd5 38. a3 f6 39. f4 fxe5 40. fxe5 Kg5 41. g3 Be6 42. h4+ Kh5 43. Ne8 Kg6 44. Nd6 Kh5 45. Ne8 Kg6 46. Nd6 1/2-1/2

[Event "Warsaw AIG Life rapid"]
[Site "Warsaw"]
[Date "2004.12.18"]
[Round "?"]
[White "Stempin, Pawel"]
[Black "Beliavsky, Alexander G"]
[Result "0-1"]
[WhiteElo "2399"]
[BlackElo "2679"]
[PlyCount "84"]
[EventDate "2004.12.18"]
[EventType "swiss (rapid)"]
[EventRounds "9"]
[EventCountry "POL"]
[SourceTitle "CBM 103 Extra"]
[Source "ChessBase"]
[SourceDate "2005.01.01"]
[SourceVersion "1"]
[SourceVersionDate "2005.01.01"]
[SourceQuality "1"]

1. d4 Nf6 2. Nf3 e6 3. c4 b6 4. g3 Ba6 5. Nbd2 Bb4 6. Qc2 d5 7. cxd5 Nxd5 8. e4 Bxf1 9. Kxf1 Ne7 10. a3 Bxd2 11. Bxd2 Nd7 12. Bc3 0-0 13. Kg2 c5 14. Rad1 cxd4 15. Bxd4 Rc8 16. Qd2 Rc7 17. h4 Qa8 18. Qf4 Qb7 19. h5 f6 20. Qg4 Rc6 21. Be3 f5 22. exf5 Nxf5 23. Rhe1 Nf6 24. Qh3 Rc4 25. Bf4 Nd5 26. Be5 Nde3+ 27. fxe3 Rc2+ 28. Kg1 Qxf3 29. Bf4 e5 30. Rf1 Qe4 31. Bg5 h6 32. g4 hxg5 33. gxf5 g4 34. Qg3 Rxf5 35. Rxf5 Qxf5 36. Rf1 Qe4 37. Rf2 Rc1+ 38. Rf1 Rxf1+ 39. Kxf1 Qf3+ 40. Qxf3 gxf3 41. e4 Kh7 42. Kf2 Kh6 0-1

[Event "Poznan op-A"]
[Site "Poznan"]
[Date "2004.07.24"]
[Round "9"]
[White "Shishkin, Vadim"]
[Black "Stempin, Pawel"]
[Result "1-0"]
[WhiteElo "2463"]
[BlackElo "2399"]
[PlyCount "205"]
[EventDate "2004.07.17"]
[EventType "swiss"]
[EventRounds "9"]
[EventCountry "POL"]
[SourceTitle "EXT 2008"]
[Source "ChessBase"]
[SourceDate "2007.11.25"]
[SourceVersion "1"]
[SourceVersionDate "2007.11.25"]
[SourceQuality "1"]

1. d4 d5 2. c4 c6 3. Nf3 Nf6 4. Nc3 dxc4 5. a4 Bf5 6. e3 e6 7. Bxc4 Bb4 8. 0-0 Nbd7 9. Nh4 Bg6 10. f3 Nd5 11. Nxg6 hxg6 12. Qe1 a5 13. Bd2 Qe7 14. Bb3 Bd6 15. g3 Nb4 16. Ne4 Bc7 17. f4 Nf6 18. Nf2 b6 19. Rc1 c5 20. Bxb4 axb4 21. dxc5 bxc5 22. Qe2 Ra5 23. Qf3 0-0 24. Rfd1 e5 25. Kg2 Re8 26. Bc4 Raa8 27. b3 Ra7 28. Kf1 Bb8 29. Bb5 Rc8 30. Qe2 Kf8 31. Qf3 Bd6 32. Rd2 Kg8 33. Rcd1 Bb8 34. Qe2 Kh7 35. Qc4 Qf8 36. Qc2 Re7 37. a5 c4 38. Bxc4 Ba7 39. Re2 Qe8 40. f5 e4 41. fxg6+ fxg6 42. Kg1 Re5 43. a6 Ra5 44. Qd2 Bc5 45. Qe1 Qe5 46. Qf1 Qh5 47. Qg2 Re8 48. g4 Qh4 49. Qg3 Qxg3+ 50. hxg3 g5 51. Kg2 g6 52. Rdd2 Kg7 53. Rd1 Bf8 54. Red2 Bc5 55. Re1 Bf8 56. Rc2 Bd6 57. Bf1 Be5 58. Bc4 Rd8 59. Ree2 Bc3 60. Ra2 Ra3 61. Rec2 Be5 62. Be6 Ra8 63. Bc4 Bd6 64. Bb5 Kf8 65. Kf1 Bxg3 66. Ke2 Ke7 67. Bc4 Ra7 68. Rxa3 bxa3 69. b4 Bd6 70. b5 Bc5 71. Ba2 Kd6 72. Nh3 Rh7 73. Rd2+ Kc7 74. Nxg5 Rh2+ 75. Kd1 Rh1+ 76. Kc2 Kb6 77. Ne6 Bxe3 78. Rd6+ Kxb5 79. Kb3 Nxg4 80. Nc7+ Kc5 81. a7 Kxd6 82. Ne8+ Ke5 83. a8Q Kf4 84. Qxa3 Rd1 85. Qf8+ Kg3 86. Nf6 Rd3+ 87. Kb4 Nf2 88. Bc4 Bd2+ 89. Kb5 Rf3 90. Qd6+ Bf4 91. Qe6 g5 92. Nxe4+ Nxe4 93. Qxe4 Re3 94. Qg6 Re5+ 95. Kc6 Be3 96. Be6 Bf4 97. Qd3+ Re3 98. Qf5 Kf2 99. Qg4 Rg3 100. Qh5 Re3 101. Bd5 Kg3 102. Qh1 g4 103. Be4 1-0

[Event "Poznan op-A"]
[Site "Poznan"]
[Date "2004.07.22"]
[Round "7"]
[White "Tomczak, Rafal"]
[Black "Stempin, Pawel"]
[Result "1/2-1/2"]
[WhiteElo "2298"]
[BlackElo "2399"]
[PlyCount "165"]
[EventDate "2004.07.17"]
[EventType "swiss"]
[EventRounds "9"]
[EventCountry "POL"]
[SourceTitle "EXT 2008"]
[Source "ChessBase"]
[SourceDate "2007.11.25"]
[SourceVersion "1"]
[SourceVersionDate "2007.11.25"]
[SourceQuality "1"]

1. e4 e6 2. d4 d5 3. Nc3 Nf6 4. Bg5 dxe4 5. Nxe4 Be7 6. Bxf6 gxf6 7. Nf3 a6 8. Bd3 b5 9. Qe2 Bb7 10. a4 b4 11. c4 c6 12. a5 Nd7 13. c5 f5 14. Ng3 Nf6 15. 0-0 h5 16. Rfe1 h4 17. Nf1 Nd5 18. Bc4 Rg8 19. Qe5 Kf8 20. Bxd5 cxd5 21. N1d2 Bc6 22. Qf4 Bf6 23. Qh6+ Bg7 24. Qe3 Bb5 25. Qb3 Bh6 26. Qxb4 Kg7 27. Qc3 Kh7 28. Nf1 Rg7 29. Ne5 Qg5 30. Qh3 Rag8 31. g3 Qf4 32. Rad1 f6 33. Nd3 Qxd4 34. Nc1 Qf4 35. Nd3 Qf3 36. Qg2 Qxg2+ 37. Kxg2 e5 38. Nb4 d4 39. Kh3 hxg3 40. hxg3 f4 41. Nd5 Bd7+ 42. Kh2 Kg6 43. gxf4 Bc6 44. fxe5 Bxd5 45. Rxd4 Bf3 46. exf6 Rf7 47. Nd2 Bxd2 48. Rxd2 Kf5 49. Re7 Rxf6 50. Rh7 Rg2+ 51. Kh3 Rg1 52. Rdd7 Bc6 53. Rdf7 Rh1+ 54. Kg3 Rg1+ 55. Kh3 Rh1+ 56. Kg3 Rxh7 57. Rxh7 Ke5 58. Rh5+ Ke4 59. f4 Kd4 60. Kg4 Bd7+ 61. Kf3 Bf5 62. b4 Be4+ 63. Kg4 Kc4 64. Re5 Bd3 65. Re3 Rg6+ 66. Kf3 Bf5 67. Re5 Rf6 68. Ke3 Kxb4 69. Kd4 Kxa5 70. Kd5 Bg4 71. Re1 Bf3+ 72. Ke5 Rc6 73. Kd4 Kb4 74. Rb1+ Ka3 75. f5 Rc8 76. Ra1+ Kb4 77. Rxa6 Bc6 78. Rb6+ Ka5 79. f6 Bb5 80. f7 Rf8 81. Rf6 Kb4 82. c6 Bxc6 83. Rxc6 1/2-1/2

[Event "Poznan op-A"]
[Site "Poznan"]
[Date "2004.07.17"]
[Round "1"]
[White "Stempin, Pawel"]
[Black "Maciejczak, Jakub"]
[Result "1-0"]
[WhiteElo "2399"]
[BlackElo "2075"]
[PlyCount "84"]
[EventDate "2004.07.17"]
[EventType "swiss"]
[EventRounds "9"]
[EventCountry "POL"]
[SourceTitle "EXT 2008"]
[Source "ChessBase"]
[SourceDate "2007.11.25"]
[SourceVersion "1"]
[SourceVersionDate "2007.11.25"]
[SourceQuality "1"]

1. Nf3 Nf6 2. c4 e6 3. Nc3 d5 4. d4 Nbd7 5. Bg5 Be7 6. e3 c6 7. Bd3 0-0 8. Qc2 Re8 9. 0-0 Nf8 10. Rad1 dxc4 11. Bxc4 Nd5 12. Bxe7 Qxe7 13. Ne4 b6 14. Ng3 Bb7 15. e4 Nf4 16. h4 N8g6 17. Qd2 h5 18. Rfe1 Qf6 19. e5 Qe7 20. Ne4 c5 21. g3 Nd5 22. Nd6 Red8 23. Ng5 Rxd6 24. exd6 Qxd6 25. Bf1 Nf6 26. Bg2 Bxg2 27. Kxg2 Qd5+ 28. Nf3 Qxa2 29. dxc5 bxc5 30. Ra1 Qd5 31. Qxd5 exd5 32. Ra5 Nd7 33. Rb5 d4 34. Rb7 Ndf8 35. Ra1 Ne6 36. Raxa7 Rxa7 37. Rxa7 f6 38. b3 Kf8 39. Rd7 Ne7 40. Nd2 Ke8 41. Rb7 Nf5 42. Nc4 d3 1-0

[Event "POL-chT 59th"]
[Site "Lubniewice"]
[Date "2003.09.05"]
[Round "7"]
[White "Stempin, Pawel"]
[Black "Jasik, Krzysztof"]
[Result "1-0"]
[WhiteElo "2401"]
[BlackElo "2343"]
[PlyCount "59"]
[EventDate "2003.08.30"]
[EventType "team-tourn"]
[EventRounds "9"]
[EventCountry "POL"]
[SourceTitle "EXT 2019"]
[Source "ChessBase"]
[SourceDate "2018.10.10"]
[SourceVersion "1"]
[SourceVersionDate "2018.10.10"]
[SourceQuality "1"]
[WhiteTeam "Poznan Pocztowiec"]
[BlackTeam "Wroclaw Polonia"]
[WhiteTeamCountry "POL"]
[BlackTeamCountry "POL"]

1. Nf3 c5 2. c4 Nf6 3. Nc3 d5 4. cxd5 Nxd5 5. g3 e6 6. Bg2 Nc6 7. 0-0 Be7 8. d4 Nxc3 9. bxc3 0-0 10. e4 Na5 11. Re1 b6 12. Bf4 Bb7 13. h4 Rc8 14. d5 exd5 15. exd5 Bf6 16. Ne5 Bxe5 17. Bxe5 Qd7 18. Qd3 Rcd8 19. Rad1 Qg4 20. Bf3 Qg6 21. Be4 f5 22. Bg2 Rd7 23. Bf4 h6 24. Re5 Nc6 25. Re3 Na5 26. Rde1 c4 27. Qd4 Rfd8 28. Re7 Kh7 29. h5 Qg4 30. f3 1-0

[Event "POL-chT 59th"]
[Site "Lubniewice"]
[Date "2003.09.03"]
[Round "5"]
[White "Stempin, Pawel"]
[Black "Krasenkow, Michal"]
[Result "1/2-1/2"]
[WhiteElo "2401"]
[BlackElo "2585"]
[PlyCount "51"]
[EventDate "2003.08.30"]
[EventType "team-tourn"]
[EventRounds "9"]
[EventCountry "POL"]
[SourceTitle "EXT 2019"]
[Source "ChessBase"]
[SourceDate "2018.10.10"]
[SourceVersion "1"]
[SourceVersionDate "2018.10.10"]
[SourceQuality "1"]
[WhiteTeam "Poznan Pocztowiec"]
[BlackTeam "Warszawa Polonia"]
[WhiteTeamCountry "POL"]
[BlackTeamCountry "POL"]

1. d4 Nf6 2. c4 g6 3. Nf3 Bg7 4. g3 0-0 5. Bg2 d5 6. cxd5 Nxd5 7. 0-0 Nb6 8. Nc3 Nc6 9. e3 Re8 10. Re1 e5 11. d5 Na5 12. e4 c6 13. Bg5 f6 14. Be3 Nac4 15. dxc6 bxc6 16. Qc2 Nxe3 17. Rxe3 f5 18. Rd1 Qf6 19. Na4 f4 20. Rc3 fxg3 21. hxg3 Bg4 22. Nc5 Rad8 23. Rxd8 Rxd8 24. Nb7 Rd7 25. Na5 c5 26. Rd3 1/2-1/2

[Event "POL-chT 59th"]
[Site "Lubniewice"]
[Date "2003.08.31"]
[Round "2"]
[White "Bobras, Piotr"]
[Black "Stempin, Pawel"]
[Result "1/2-1/2"]
[WhiteElo "2462"]
[BlackElo "2401"]
[PlyCount "79"]
[EventDate "2003.08.30"]
[EventType "team-tourn"]
[EventRounds "9"]
[EventCountry "POL"]
[SourceTitle "EXT 2019"]
[Source "ChessBase"]
[SourceDate "2018.10.10"]
[SourceVersion "1"]
[SourceVersionDate "2018.10.10"]
[SourceQuality "1"]
[WhiteTeam "Jaworzno JKSz MCKiS"]
[BlackTeam "Poznan Pocztowiec"]
[WhiteTeamCountry "POL"]
[BlackTeamCountry "POL"]

1. e4 e5 2. Nf3 Nc6 3. Bb5 a6 4. Ba4 Nf6 5. 0-0 Be7 6. Re1 b5 7. Bb3 d6 8. c3 0-0 9. h3 Na5 10. Bc2 c5 11. d4 Qc7 12. Nbd2 Rd8 13. b3 Bd7 14. d5 g6 15. Nf1 Nh5 16. g4 Ng7 17. Ng3 c4 18. b4 Nb7 19. a4 a5 20. Ba3 axb4 21. Bxb4 Nc5 22. axb5 Bxb5 23. Bxc5 Qxc5 24. Ba4 Rdb8 25. Bxb5 Qxb5 26. Rb1 Qa5 27. Qc2 Ne8 28. Nd2 Bg5 29. Nxc4 Qc5 30. Qd3 Nf6 31. Rxb8+ Rxb8 32. Ra1 Rc8 33. Ra4 Qb5 34. Rb4 Qa6 35. Kg2 Bh4 36. Ne2 Nd7 37. Nb2 Qa7 38. Nd1 Nc5 39. Qb1 Kg7 40. c4 1/2-1/2

[Event "POL-chT 57th"]
[Site "Glogow"]
[Date "2001.09.16"]
[Round "9"]
[White "Rybak, Tomasz"]
[Black "Stempin, Pawel"]
[Result "0-1"]
[WhiteElo "2213"]
[BlackElo "2407"]
[PlyCount "78"]
[EventDate "2001.09.08"]
[EventType "team-tourn"]
[EventRounds "9"]
[EventCountry "POL"]
[SourceTitle "EXT 2019"]
[Source "ChessBase"]
[SourceDate "2018.10.10"]
[SourceVersion "1"]
[SourceVersionDate "2018.10.10"]
[SourceQuality "1"]
[WhiteTeam "Swiecie Gambit"]
[BlackTeam "Poznan Pocztowiec"]
[WhiteTeamCountry "POL"]
[BlackTeamCountry "POL"]

1. e4 e5 2. Nf3 Nc6 3. d4 exd4 4. Bc4 Nf6 5. e5 d5 6. Bb5 Ne4 7. Nxd4 Bd7 8. Bxc6 bxc6 9. 0-0 Bc5 10. Be3 Qe7 11. Re1 0-0 12. f3 Ng5 13. f4 Ne4 14. Nd2 f6 15. Nxe4 dxe4 16. exf6 Rxf6 17. Qe2 Kh8 18. Rad1 Bd6 19. Rf1 Raf8 20. g3 c5 21. Nb5 Rg6 22. Rd2 Bg4 23. Qc4 Bf3 24. Nc3 h5 25. Qd5 h4 26. Rxf3 exf3 27. Qxf3 Qe6 28. Rd5 Rf5 29. Rxf5 Qxf5 30. Ne4 Be7 31. c4 Re6 32. Nc3 c6 33. Bf2 hxg3 34. hxg3 Kg8 35. g4 Rg6 36. Kf1 Rxg4 37. Qxc6 Rxf4 38. Qd5+ Qf7 39. Qxf7+ Kxf7 0-1

[Event "POL-chT 57th"]
[Site "Glogow"]
[Date "2001.09.08"]
[Round "1"]
[White "Praszak, Michal"]
[Black "Stempin, Pawel"]
[Result "1/2-1/2"]
[WhiteElo "2230"]
[BlackElo "2407"]
[PlyCount "87"]
[EventDate "2001.09.08"]
[EventType "team-tourn"]
[EventRounds "9"]
[EventCountry "POL"]
[SourceTitle "EXT 2019"]
[Source "ChessBase"]
[SourceDate "2018.10.10"]
[SourceVersion "1"]
[SourceVersionDate "2018.10.10"]
[SourceQuality "1"]
[WhiteTeam "Lublin Drakon SKOK Chmielewskiego"]
[BlackTeam "Poznan Pocztowiec"]
[WhiteTeamCountry "POL"]
[BlackTeamCountry "POL"]

1. d4 e6 2. c4 d5 3. Nc3 c6 4. Nf3 dxc4 5. e3 b5 6. a4 Bb4 7. Bd2 a5 8. axb5 Bxc3 9. Bxc3 cxb5 10. b3 Bb7 11. bxc4 b4 12. Bb2 Nf6 13. Bd3 Nbd7 14. 0-0 Qc7 15. Re1 0-0 16. Nd2 e5 17. f3 Rfe8 18. Nf1 e4 19. Be2 Qc6 20. f4 Nb6 21. Nd2 a4 22. d5 Qd6 23. Bd4 Nfd7 24. Qb1 b3 25. Nxe4 Rxe4 26. Qxe4 a3 27. Qd3 b2 28. Ra2 Nxc4 29. Qxc4 Bxd5 30. Rxa3 Bxc4 31. Rxa8+ Nf8 32. Bxc4 Qb4 33. Rb1 Qxc4 34. Rxb2 Qc1+ 35. Kf2 h5 36. h3 h4 37. Ke2 f6 38. Kd3 Kf7 39. Rb7+ Kg6 40. Rxf8 Qf1+ 41. Kc3 Qc1+ 42. Kd3 Qf1+ 43. Kc3 Qc1+ 44. Kd3 1/2-1/2

[Event "POL-chT 56th"]
[Site "Zakopane"]
[Date "2000.09.12"]
[Round "10"]
[White "Dziuba, Marcin"]
[Black "Stempin, Pawel"]
[Result "1/2-1/2"]
[WhiteElo "2392"]
[BlackElo "2413"]
[PlyCount "23"]
[EventDate "2000.09.02"]
[EventType "team-tourn"]
[EventRounds "11"]
[EventCountry "POL"]
[SourceTitle "EXT 2019"]
[Source "ChessBase"]
[SourceDate "2018.10.10"]
[SourceVersion "1"]
[SourceVersionDate "2018.10.10"]
[SourceQuality "1"]
[WhiteTeam "Lublin Drakon SKOK Chmielewskiego"]
[BlackTeam "Poznan Pocztowiec"]
[WhiteTeamCountry "POL"]
[BlackTeamCountry "POL"]

1. d4 d5 2. Nf3 Nf6 3. c4 c6 4. cxd5 cxd5 5. Nc3 Nc6 6. Bf4 a6 7. e3 Bg4 8. h3 Bxf3 9. Qxf3 e6 10. Bd3 Be7 11. 0-0 0-0 12. a3 1/2-1/2

[Event "POL-chT 56th"]
[Site "Zakopane"]
[Date "2000.09.11"]
[Round "9"]
[White "Stempin, Pawel"]
[Black "Krogulski, Grzegorz"]
[Result "1-0"]
[WhiteElo "2413"]
[BlackElo "2252"]
[PlyCount "52"]
[EventDate "2000.09.02"]
[EventType "team-tourn"]
[EventRounds "11"]
[EventCountry "POL"]
[SourceTitle "EXT 2019"]
[Source "ChessBase"]
[SourceDate "2018.10.10"]
[SourceVersion "1"]
[SourceVersionDate "2018.10.10"]
[SourceQuality "1"]
[WhiteTeam "Poznan Pocztowiec"]
[BlackTeam "Rolnik Roza"]
[WhiteTeamCountry "POL"]
[BlackTeamCountry "POL"]

1. d4 c5 2. d5 f5 3. Nc3 Nf6 4. Nf3 g6 5. e4 fxe4 6. Ng5 Bg7 7. Ncxe4 Nxe4 8. Nxe4 d6 9. Bb5+ Nd7 10. 0-0 0-0 11. Re1 a6 12. Bf1 b5 13. c3 Nb6 14. Ng5 Rf5 15. Bd3 Rxd5 16. Qf3 Rxd3 17. Qxd3 Bf5 18. Qf3 Qd7 19. g4 h6 20. gxf5 hxg5 21. fxg6 Rf8 22. Qh5 Rf5 23. Bxg5 e5 24. Rad1 Kf8 25. f4 Qe6 26. fxe5 Rxe5 1-0

[Event "POL-chT 55th"]
[Site "Suwalki"]
[Date "1999.09.25"]
[Round "8"]
[White "Socko, Bartosz"]
[Black "Stempin, Pawel"]
[Result "0-1"]
[WhiteElo "2543"]
[BlackElo "2392"]
[PlyCount "80"]
[EventDate "1999.09.18"]
[EventType "team-tourn"]
[EventRounds "11"]
[EventCountry "POL"]
[SourceTitle "EXT 2019"]
[Source "ChessBase"]
[SourceDate "2018.10.10"]
[SourceVersion "1"]
[SourceVersionDate "2018.10.10"]
[SourceQuality "1"]
[WhiteTeam "Warszawa Polonia"]
[BlackTeam "Poznan Pocztowiec"]
[WhiteTeamCountry "POL"]
[BlackTeamCountry "POL"]

1. e4 e5 2. Nf3 Nc6 3. Bb5 a6 4. Ba4 Nf6 5. 0-0 Be7 6. Re1 b5 7. Bb3 d6 8. c3 0-0 9. h3 Na5 10. Bc2 c5 11. d4 Qc7 12. Nbd2 Rd8 13. Nf1 cxd4 14. cxd4 exd4 15. Ng3 Nc6 16. Bf4 Be6 17. Rc1 Qb6 18. Bb1 Rac8 19. Ne2 d3 20. Qxd3 Ne5 21. Bxe5 dxe5 22. Rxc8 Bxc8 23. Qc3 Bc5 24. Rf1 Bb7 25. Qxe5 Re8 26. Qf4 Bxe4 27. Bxe4 Nxe4 28. Ne5 Bxf2+ 29. Kh1 Qb7 30. Rd1 Nf6 31. Qxf2 Rxe5 32. Nc3 h6 33. Rd8+ Kh7 34. Rd6 Qe7 35. Rd1 b4 36. Nb1 Re2 37. Qd4 Ne4 38. Qd3 f5 39. Kh2 Qe5+ 40. Kg1 Nf2 0-1